000 00664nam a2200253Ia 4500
003 0100
008 130303s9999 xx 000 0 und d
020 _a824517792
040 _cARRUPELIB
050 _aBS617.P441998
100 _aPennington, M. Basil
245 _aLectio Divina
245 _brenewing the ancient practice of praying the scriptures
260 _aNew York
260 _bCrossroad Pub.
260 _C1998
300 _axiv
300 _b 164p. 20cm.
650 _bFreire, Paulo, 1921-
650 _cPopular education-Philosophy
650 _dEducation-Social aspects-Latin America
700 _aM. Basil Pennington
942 0 0 _02
999 _c9879
_d9879